00556nam a2200181 a 45000010010000000030011000100080041000210350026000620820016000881000015001042450038001192600061001576500019002189420012002379520090002499980020003399990015003590000-8939ELIB.Books110520 1970  a(ELIB.Books)0000-9087 a248.4 bDay aDay, LeRoy aToward a Christian Styled of Life bValley Forge: American Baptist Board of Education c1970 aChristian Life 2ddccBK 00102ddc4070aKBTSbKBTSd2011-05-20l0p3810r2022-01-22 00:00:00w2022-01-22yBK cbate2011-05-20 c8939d8939